|
|
|
|
| LEADER |
00000nam a22000007a 4500 |
| 005 |
20190916212252.0 |
| 007 |
cr|||| |||| |
| 008 |
190916c20059999ar ar|w s|||| 0|||b1spa d |
| 035 |
|
|
|a 22318
|
| 040 |
|
|
|a vLex
|
| 090 |
|
|
|c 9532
|d 9532
|
| 245 |
0 |
0 |
|a Revista Ius Historia
|h [Recurso electrn̤ico] /
|
| 256 |
|
|
|a Servicio en ln̕ea
|
| 260 |
|
|
|a Buenos Aires:
|b Facultad de Ciencias Jurd̕icas de la Universidad del Salvador,
|c 2005 -
|
| 300 |
|
|
|a 1 recurso electrn̤ico
|
| 310 |
|
|
|a Anual
|
| 362 |
|
|
|a Nð 1 (Mar. 2005) -
|
| 506 |
1 |
|
|a Disponible solo en los productos indicados
|d vLex Global
|d vLex Global (Academic Edition, excluding Law Schools)
|d vLex Global (U.S. Academic Edition, Law Schools)
|d vLex Global (U.S. Academic Edition, excluding Law Schools)
|d vLex Global (Academic Edition, Law Schools)
|
| 650 |
0 |
4 |
|a Derecho Civil
|z Argentina
|
| 650 |
0 |
4 |
|a Derecho Mercantil y de la Empresa
|z Argentina
|
| 650 |
0 |
4 |
|a Ciencias sociales
|z Argentina
|
| 740 |
0 |
|
|a vLex Revistas (Servicio en ln̕ea)
|
| 856 |
4 |
0 |
|u http://vlex.com/source/revista-ius-historia-22318
|z Acceso restringido
|
| 942 |
|
|
|c REV
|
| 999 |
0 |
|
|a Civil Law
|
| 999 |
0 |
|
|a Commercial and Business Law
|
| 999 |
0 |
|
|a Social sciences
|